Erotismo y teatro en la primera década del siglo XXI : (Record no. 183073)

MARC details
000 -LEADER
campo de control de longitud fija 01507nam a2200325 i 4500
001 - NÚMERO DE CONTROL
campo de control 183073
003 - IDENTIFICADOR DE NÚMERO DE CONTROL
campo de control ES-MaACL
005 - FECHA Y HORA DE LA ÚLTIMA TRANSACCIÓN
campo de control 20251220172939.0
008 - DATOS DE LONGITUD FIJA--INFORMACIÓN GENERAL
campo de control de longitud fija 140115s2012 sp | |||||||| | spa d
020 ## - NÚMERO INTERNACIONAL ESTÁNDAR DEL LIBRO
Número Internacional Estándar del Libro 978-84-9895-133-2
080 ## - NÚMERO DE LA CLASIFICACIÓN DECIMAL UNIVERSAL
Número de la Clasificación Decimal Universal 821.134.2-2.09"19"
080 ## - NÚMERO DE LA CLASIFICACIÓN DECIMAL UNIVERSAL
Número de la Clasificación Decimal Universal 792(460)"19"
080 ## - NÚMERO DE LA CLASIFICACIÓN DECIMAL UNIVERSAL
Número de la Clasificación Decimal Universal 176.8(0:82)
111 2# - ENTRADA PRINCIPAL--NOMBRE DE CONGRESO/REUNIÓN
Nombre de congreso/reunión o jurisdicción como elemento de entrada Seminario Internacional del Centro de Investigación de Semiótica Literaria, Teatral y Nuevas Tecnologías
Número del congreso/reunión o número de parte o sección (21.
Fecha del congreso o de la firma del tratado 2011.
Sede del congreso/Lugar de la reunión Madrid)
9 (RLIN) 154186
245 10 - MENCIÓN DEL TÍTULO
Título Erotismo y teatro en la primera década del siglo XXI :
Resto del título actas del XXI Seminario Internacional del Centro de Investigación de Semiótica Literaria, Teatral y Nuevas Tecnologías /
Mención de responsabilidad, etc. José Romera Castillo (ed.), con la colaboración de Francisco Gutiérrez Carbajo y Raquel García-Pascual.
260 ## - PUBLICACIÓN, DISTRIBUCIÓN, ETC.
Lugar de publicación, distribución, etc. Madrid :
Nombre del editor, distribuidor, etc. Visor Libros,
Fecha de publicación, distribución, etc. D.L. 2012.
300 ## - DESCRIPCIÓN FÍSICA
Extensión 386 p. ;
Dimensiones 21 cm.
490 1# - MENCIÓN DE SERIE
Mención de serie Biblioteca filológica hispana ;
Designación de volumen o secuencia 133
504 ## - NOTA DE BIBLIOGRAFÍA, ETC.
Nota de bibliografía, etc. Incluye referencias bibliográficas.
650 #4 - PUNTO DE ACCESO ADICIONAL DE MATERIA--TÉRMINO DE MATERIA
Término de materia o nombre geográfico como elemento de entrada Teatro español-
Subdivisión cronológica S.XX-
Subdivisión general Historia y crítica.
9 (RLIN) 17361
650 04 - PUNTO DE ACCESO ADICIONAL DE MATERIA--TÉRMINO DE MATERIA
Término de materia o nombre geográfico como elemento de entrada Teatro-
Subdivisión geográfica España-
Subdivisión cronológica S.XX.
9 (RLIN) 17307
650 #4 - PUNTO DE ACCESO ADICIONAL DE MATERIA--TÉRMINO DE MATERIA
Término de materia o nombre geográfico como elemento de entrada Erotismo-
Subdivisión general En la literatura.
9 (RLIN) 154187
700 1# - ENTRADA AGREGADA--NOMBRE PERSONAL
Nombre de persona Gutiérrez Carbajo, Francisco.
9 (RLIN) 61103
700 1# - ENTRADA AGREGADA--NOMBRE PERSONAL
Nombre de persona Romera Castillo, José,
Fechas asociadas al nombre 1946-
9 (RLIN) 99292
700 1# - ENTRADA AGREGADA--NOMBRE PERSONAL
Nombre de persona García-Pascual, Raquel.
9 (RLIN) 154188
830 0# - PUNTO DE ACCESO ADICIONAL DE SERIE-TÍTULO UNIFORME
Título uniforme Biblioteca filológica hispana ;
Designación de volumen o secuencia 133
9 (RLIN) 179654
852 ## - LOCALIZACIÓN
Ubicación ES-MaACL
Número de control de estantería A-13016
itemnumber 190007
Sublocalización o colección R.149843
Ubicación en estantería Depósito 1
Signatura antigua Olim: N-6016
942 ## - ELEMENTOS DE ENTRADA SECUNDARIOS (KOHA)
Fuente del sistema de clasificación o colocación Clasificación decimal universal
Tipo de ítem Koha Libro impreso
Holdings
Estatus retirado Estado de pérdida Fuente del sistema de clasificación o colocación Estado de daño No para préstamo Biblioteca de origen Biblioteca actual Ubicación en estantería Fecha de adquisición Fuente de adquisición Total de préstamos Signatura topográfica completa Código de barras Visto por última vez Precio de reemplazo Tipo de ítem Koha
    Clasificación decimal universal     Biblioteca del Ateneo de Madrid Biblioteca del Ateneo de Madrid Depósito 1 15/01/2014 Compra   A-13016 1192412 23/02/2023 23/02/2023 Libro impreso